The Enigmatic netherworld books of the solar-osirian unity : cryptographic compositions in the tombs of tutankhamun, ramesses VI and ramesses IX /
Main Author:
Format: Thesis Book
Language: English
Published:
Fribourg, Schweiz : Gottingen :
Academic Press ; Vandenhoeck & Ruprecht,
c2004.
Series:
Orbis biblicus et orientalis,
198.
OBO ;
198.
Subjects:
Tags: Add Tag
Call Number: DS41 .O5 v.198
| LEADER | 01347namaa2200325 4500 | ||
|---|---|---|---|
| 001 | 12478 | ||
| 003 | OSt | ||
| 005 | 20241009083946.0 | ||
| 008 | 130303s2004 sz af b 001 0 eng d | ||
| 952 | |0 0 |1 0 |2 lcc |3 V.198 |4 0 |6 DS0041 O5 V.00198 |7 1 |9 11634 |a ARCE |b ARCE |d 2021-04-05 |l 0 |o DS41 .O5 v.198 |p 1015800 |r 2021-04-05 00:00:00 |w 2021-04-05 |y BK | ||
| 999 | |c 10785 |d 10785 | ||
| 020 | |a 3727814691 | ||
| 040 | |c ARCE Library | ||
| 043 | |a f-ua--- | ||
| 050 | 4 | |a DS41 .O5 v.198 | |
| 100 | 1 | |a Darnell, John Coleman, |e author | |
| 245 | 1 | 4 | |a The Enigmatic netherworld books of the solar-osirian unity : |b cryptographic compositions in the tombs of tutankhamun, ramesses VI and ramesses IX / |c John Coleman Darnell. |
| 264 | 1 | |a Fribourg, Schweiz : |b Academic Press ; |a Gottingen : |b Vandenhoeck & Ruprecht, |c c2004. | |
| 300 | |a xiii, 640 pages, 43 pages of plates : |b illustration ; |c 24 cm. | ||
| 490 | 1 | |a Orbis biblicus et orientalis, |x 1015-1850 ; |v 198. | |
| 490 | 1 | |a OBO ; |v 198. | |
| 502 | |a Thesis (Ph.D.) -- University, Chicago, 1995. | ||
| 504 | |a Includes bibliographical references (pages [484]-567) and indexes. | ||
| 650 | 0 | |a Inscriptions, Egyptian. | |
| 650 | 0 | |a Inscriptions, Hieroglyphic. | |
| 650 | 0 | |a Tombs |z Egypt. | |
| 830 | 0 | |a Orbis biblicus et orientalis, |x 1015-1850 ; |v 198. | |
| 830 | 0 | |a OBO ; |v 198. | |
| 901 | |a reviewed | ||
| 942 | |c BK |2 lcc | ||
